| 000 | 00397 a2200169 4500 | ||
|---|---|---|---|
| 001 | 188397 | ||
| 020 | _a978-85-7406-114-6 | ||
| 040 | _cMagnum | ||
| 100 | _aOliveira, Marcelo Ribeiro Leite de | ||
| 240 | 1 | 0 |
_aNós e os bichos _lpor |
| 245 | 1 | 0 | _aNós e os bichos |
| 300 | _a30 | ||
| 362 | 0 | _a2007 | |
| 440 | 1 | _aCompanhia das Letrinhas | |
| 697 | _aLITERATURA INFANTO-JUVENIL | ||
| 942 | _cBK | ||
| 999 |
_c188397 _d188397 |
||